<?xml version="1.0" encoding="UTF-8"?>
<collection xmlns="http://www.loc.gov/MARC21/slim">
 <record>
  <leader>00603pamaa2200169   4500</leader>
  <controlfield tag="001">0000037098</controlfield>
  <controlfield tag="005">20131029090000.0</controlfield>
  <datafield tag="020" ind1="0" ind2="0">
   <subfield code="a">9679788989 (pbk) </subfield>
  </datafield>
  <datafield tag="082" ind1=" " ind2=" ">
   <subfield code="a">320.9595092 KHO</subfield>
  </datafield>
  <datafield tag="090" ind1="0" ind2="0">
   <subfield code="a">DS597.215 </subfield>
   <subfield code="b">KHO 2004</subfield>
  </datafield>
  <datafield tag="100" ind1="1" ind2="0">
   <subfield code="a">Khoo Kheng-Hor </subfield>
  </datafield>
  <datafield tag="245" ind1="1" ind2="0">
   <subfield code="a">Abdullah administration : </subfield>
   <subfield code="b">Abdullah Ahmad Badawi and his government from Sun Tzu's perspective  </subfield>
   <subfield code="c">Khoo Kheng-Hor.</subfield>
  </datafield>
  <datafield tag="260" ind1="0" ind2="0">
   <subfield code="a">Subag Jaya, Selangor: </subfield>
   <subfield code="b">Pelanduk Publications, </subfield>
   <subfield code="c">2004.</subfield>
  </datafield>
  <datafield tag="300" ind1=" " ind2=" ">
   <subfield code="a">169p.; </subfield>
   <subfield code="c">22cm.</subfield>
  </datafield>
  <datafield tag="650" ind1="0" ind2="0">
   <subfield code="a">Malaysia -- </subfield>
   <subfield code="x">Politics and government </subfield>
  </datafield>
  <datafield tag="650" ind1="0" ind2="0">
   <subfield code="a">Abdullah Ahmad Badawi, Dato Seri 1939 </subfield>
  </datafield>
  <datafield tag="650" ind1="0" ind2="0">
   <subfield code="a">Prime Ministers -- </subfield>
   <subfield code="z">Malaysia </subfield>
  </datafield>
 </record>
</collection>
